| 000 | 00451nam a22001697a 4500 | ||
|---|---|---|---|
| 999 |
_c614 _d614 |
||
| 003 | Ost | ||
| 005 | 20191207232054.0 | ||
| 008 | 191207b ||||| |||| 00| 0 eng d | ||
| 040 | _cBT-PhCST | ||
| 050 | _a00 | ||
| 082 |
_222 _a413.39549 |
||
| 100 | _aKhandu Rinchhen. | ||
| 245 | _aDzongkha-english Dictionary / | ||
| 260 |
_aPekhang Enterprises, Thimphu, _bPekhang Enterprises, Thimphu, _cc1993. |
||
| 300 |
_a361p,; _bill,; _c24cm |
||
| 942 |
_2ddc _cDIC _03 |
||